La cultura en la cooperacin̤ e integracin̤ iberoamericana Textos, anl̀isis y comentarios /

Bibliographic Details
Main Author: Da̕z Barrado, Cs̀tor
Format: eBook
Language:Spanish
Published: Madrid : Plaza y Valdš Editores, 2009.
Series:Cuadernos Iberoamericanos de Integracin̤
Subjects:
Online Access:Acceso restringido

MARC

LEADER 00000nam a22000007a 4500
005 2011100508478.0
008 111005s2009 sp |||||s|||| 00||0 spa d
020 |a 1888-6736 
035 |a 4733 
040 |a vLex 
090 |c 2613  |d 2613 
100 1 |a Da̕z Barrado, Cs̀tor 
245 1 3 |a La cultura en la cooperacin̤ e integracin̤ iberoamericana  |h [Recurso electrn̤ico] :  |b Textos, anl̀isis y comentarios /  |c Cs̀tor Da̕z Barrado 
256 |a Servicio en ln̕ea. 
260 |a Madrid :  |b Plaza y Valdš Editores,  |c 2009. 
300 |a 1 recurso electrn̤ico 
506 1 |a Contenido solo disponible en los productos indicados  |d vLex Global  |d vLex Global (Academic Edition, excluding Law Schools)  |d vLex Global (U.S. Academic Edition, Law Schools)  |d vLex Global (U.S. Academic Edition, excluding Law Schools)  |d vLex Global (Academic Edition, Law Schools) 
650 0 4 |a Cooperacin̤ cultural  |z Amřica Latina 
740 0 |a vLex Libros (Servicio en ln̕ea) 
830 0 |a Cuadernos Iberoamericanos de Integracin̤ 
856 4 0 |u http://vlex.com/source/elementos-cooperacion-integracion-iberoamericana-textos-analisis-comentarios-4733  |z Acceso restringido 
942 |c BOOK